LEADER 01209nam a2200289 i 4500 001 000000155066 003 CaOOAMICUS 005 20061031000000.0 008 061031s2005 it u000 u ita u 013 $a132415 020 $a88-02-07198-5 040 $aSeMil$bita 245 13$aLa distruzione degli ebrei /$ca cura di Marina Cattaruzza ... [et al.]. 260 $aTorino :$bUTET,$ccopyr. 2005. 300 $a857 p. :$bill. ;$c25 cm. 500 $aIn custodia. 650 4$aEuropa - Storia - Sec. 20.$0(OLS)http://semarc/subject/574 650 4$aEbrei - Genocidio.$0(OLS)http://semarc/subject/4008 650 4$aEbrei - Persecuzioni - Europa - 1933-1945.$0(OLS)http://semarc/subject/27241 700 1 $aCattaruzza, Marina.$0(OLS)http://semarc/name/56093 773 0 $tStoria della Shoah.$dTorino : UTET, 2005-2006.$g2$w()10119 850 $aSeMil 852 $aSeMil$W1$xVenegono$y1$mSL1.G VII 36$j106917$B106917$CSeMilBibl$Z2$F116223 $8I 961 $aSottoscrizione: UTET (Agente) 996 $6020$a88-02-07198-5$9(OLS)http://semarc/number/145063 996 $6245$aLa distruzione degli ebrei$9(OLS)http://semarc/title/227062 996 $6260$aTorino :$bUTET$9(OLS)http://semarc/publisher/29621 LEADER 01725nam a2200361 i 4500 001 000000222689 003 CaOOAMICUS 005 20130923000000.0 008 130923s2013 it u000 u ita u 013 $a201586 020 $a978-88-430-5736-8 040 $aSeMil$bita 100 1 $aBlack, Christopher F. <1941- >.$0(OLS)http://semarc/name/77752 240 14$aThe Italian inquisition.$0(OLS)http://semarc/title/319263 245 10$aStoria dell'Inquisizione in Italia :$btribunali, eretici, censura /$cChristopher F. Black ; edizione italiana a cura di Gian Luca D'Errico. 260 $aRoma :$bCarocci,$c2013. 300 $a485 p. ;$c22 cm. 490 0 $aSfere ;$v80 650 4$aItalia - Storia religiosa.$0(OLS)http://semarc/subject/1010 650 4$aInquisizione - Storia.$0(OLS)http://semarc/subject/3405 650 4$aInquisizione - Italia - Sec. 16.-18.$0(OLS)http://semarc/subject/40813 700 1 $aD'Errico, Gian Luca.$0(OLS)http://semarc/name/77753 774 0 $tToccare.$w()320575 774 0 $tPer una chiesa della fraternità e della sororità.$w()320576 774 0 $tOccasione perduta. Appunti sulla storia della chiesa italiana. 1978-2009.$w()320577 774 0 $tFirenze 2009. Tracce di un incontro.$w()320578 830 0$aSfere ;$v80.$0(OLS)http://semarc/title/31075 850 $aSeMil 852 $aSeMil$W1$xVenegono$y1$m3U III 466$j173035$B173035$CSeMilBibl$Z2$F185393 $81 961 $aAcquisto: LI.CO.SA 996 $6020$a978-88-430-5736-8$9(OLS)http://semarc/number/222327 996 $6245$aStoria dell'Inquisizione in Italia :$btribunali, eretici, censura$9(OLS)http://semarc/title/319262 996 $6260$aRoma :$bCarocci$9(OLS)http://semarc/publisher/31977